Music Quiz

Random Music or Song Quiz

Stairway to Heaven Clicky-oke Quiz Stats

 Plays Quiz Updated Oct 29, 2015

Score 0/36 Timer 08:00
0 Plays Today
% Correct
all that glitters is gold
96.2%
stairway to heaven
92.3%
get what she came for
90%
stairway to heaven
89.7%
stairway to heaven
89.3%
words have two meanings
87.8%
when I look to the west
87.5%
if the stores are all closed
86.5%
there's a songbird who sings
85%
echo with laughter...oh oh oh oh...
82.5%
rings of smoke through the trees
82.4%
are misgiven
82.1%
if we all call the tune
79.5%
calling you to join him
79.2%
lady we all know
79.2%
crying for leaving
78.9%
for those who stand long
78.6%
who stand looking
78%
% Correct
for the May queen
77.6%
but she wants to be sure
76.4%
lead us to reason
76.1%
down the road
75.7%
than our soul
74.2%
come to you at last
73.5%
turns to gold
73.4%
very hard
73%
but in the long run
72.9%
your stairway lies on the whispering wind
72.4%
can you hear the wind blow
72.2%
don't be alarmed now
71.7%
Ooh, it makes me wonder
70.5%
in case you don't know
70.3%
Ooh, it makes me wonder
69.7%
and wants to show
68%
to be a rock and not to roll
62.5%
And it makes me wonder...oh oh oh...
61.9%

You're not logged in!

Compare scores with friends on all Sporcle quizzes.
OR
Log In

Show Comments

Extras

Top Quizzes Today


Score Distribution

Your Account Isn't Verified!

In order to create a playlist on Sporcle, you need to verify the email address you used during registration. Go to your Sporcle Settings to finish the process.

Report this User

Report this user for behavior that violates our Community Guidelines.

Details: